000 00669nam a2200169 i 4500
001 97776
003 ES-MaACL
005 20230906182147.0
007 t|
008 050718s1908 sp ||||1| spa d
100 1 _aMarín Lázaro, Rafael.
_976794
245 1 0 _aDiscursos leídos en la Academia Universitaria Católica /
_cpor el secretario Don Rafael Marín Lázaro y el Rector Don Enrique Reig y Casanova con motivo de la solemne apertura del curso el día 31 de Octubre de 1908.
260 _aMadrid :
_b[s.n.],
_c1908.
700 1 _aReig y Casanova, Enrique.
_996003
710 2 _aAcademia Universitaria Católica (
_cMadrid)
_91224
852 _aES-MaACL
_jT-1155-F-9
999 _c97776
_d97776